| 000 | 00578nam a2200193Ia 4500 | ||
|---|---|---|---|
| 003 | GCL | ||
| 008 | 140319s9999 xx 000 0 ara d | ||
| 040 |
_aGCL / _cGCL |
||
| 082 | 0 | 4 |
_a791.437 _bس ص |
| 100 | 1 | _aسمير فريد | |
| 245 | 1 | 0 |
_aالصراع العربى الصهيونى فى السينما / _cسمير فريد |
| 260 |
_a[S.N] : _bدار سعاد الصباح ، _c1992 |
||
| 300 | _a247 ص | ||
| 490 | _a | ||
| 650 | 0 | 4 | _aالافلام السينمائية |
| 650 | 0 | 4 | _aالسينما |
| 650 | 0 | 4 | _aالجوانب السياسية |
| 942 |
_2ddc _cBK |
||
| 999 |
_c35690 _d35690 |
||